[Event "77th Tata Steel GpB"]
[Site "Wijk aan Zee NED"]
[Date "2015.01.10"]
[Round "1.1"]
[White "Shankland, Samuel L"]
[Black "Wei Yi"]
[Result "1/2-1/2"]
[WhiteElo "2652"]
[BlackElo "2675"]
[Annotator "Sagar Shah"]
[PlyCount "60"]
[EventDate "2015.01.10"]

1. Nf3 Nf6 2. c4 g6 3. g3 Bg7 4. Bg2 O-O 5. O-O d5 6. d4 c6 7. b3 dxc4 8. bxc4
c5 9. Bb2 cxd4 10. Nxd4 Qb6 11. Qc1 $5 {It is surprising that the same line
was employed by Ding Liren against Fabiano Caruana in the A group of the Tata
Steel. Fabiano beat Ding with the black pieces and Shankland failed to get any
concrete advantage here. So maybe this move isn't so good.} (11. Qb3 Nfd7 12.
e3 Nc6 13. Nc3 {was considered as the main line.}) 11... Bd7 (11... Nc6 12.
Nxc6 bxc6 13. Nd2 Bf5 {was Ding-Caruana.}) 12. Nd2 Nc6 13. c5 Qa6 (13... Qc7
14. Nb5 Qc8 15. Ne4 Nxe4 16. Bxe4 Ne5 17. Nd4 Rb8 18. Rb1 Qc7 19. Qc2 Rfc8 20.
Rfc1 Qa5 21. Qc3 Qxc3 22. Rxc3 Nc6 23. Nxc6 Bxc6 24. Rc4 b5 {0-1 (24)
Dizdarevic,E (2520)-Svidler,P (2690) Bled 2002}) 14. Qc4 Qxc4 15. Nxc4 Rfc8 16.
Rab1 Rab8 17. Rfc1 (17. Rfd1 {was also possible.}) 17... Ne8 18. Nxc6 Bxc6 19.
Be5 Bxe5 20. Nxe5 Bxg2 21. Kxg2 Rc7 22. Rb4 (22. c6 b6 23. Rc3 Rbc8 24. Rbc1
Nd6 $11 {gives White nothing.}) 22... Nf6 $6 (22... Rbc8 23. Nd3 b6 $6 (23...
Nf6 $14) 24. cxb6 Rxc1 25. bxa7 $1 {Not an easy move to foresee.} (25. b7 Nd6
26. Nxc1 Rb8 $11) 25... R1c7 26. Rb8 Rxa7 27. Rxc8 Kf8 28. Nc5 $16) (22... f6
23. Nd3 Kf7 {was the best way for Black to play.}) 23. Nd3 (23. c6 $5 b6 24. a4
(24. Rd4 Rbc8 25. g4 Ne8 26. Rd7 Kf8 $11 {[%cal Gf7f6]}) 24... Rbc8 25. Rf4 Rd8
26. e3 {black is under some pressure}) 23... Nd7 24. Rcb1 b6 25. cxb6 Rxb6 26.
a4 Kf8 27. Rxb6 axb6 28. Rb4 Ra7 29. Nb2 Nc5 30. Rxb6 Nxa4 {Nothing much
happened in the game between the two favourites of the group B.} 1/2-1/2

[Event "77th Tata Steel GpB"]
[Site "Wijk aan Zee NED"]
[Date "2015.01.11"]
[Round "2.1"]
[White "Haast, Anne"]
[Black "Navara, David"]
[Result "0-1"]
[WhiteElo "2352"]
[BlackElo "2729"]
[Annotator "Sagar Shah"]
[PlyCount "84"]
[EventDate "2015.01.10"]

1. e4 c5 2. Nf3 d6 3. d4 cxd4 4. Nxd4 Nf6 5. Nc3 a6 6. Be3 Ng4 7. Bg5 h6 8. Bh4
g5 9. Bg3 Bg7 10. h3 Ne5 11. Nf5 Bxf5 12. exf5 Nbd7 (12... Nbc6 {is the main
move here.}) 13. Nd5 Nb6 {It is surprising to see Navara repeat the line that
he played a few months ago in EU Cup against Emil Hermansson. It is definitely
possible that his opponent had come prepared for this variation.} 14. f6 $5 {
Only two games have continued with this move previously and that too by not so
famous players. Anne Haast must have prepared thi move at home.} (14. Be2 {was
how Hermansson-Navara continued.}) 14... Nxd5 (14... exf6 {There doesn't seem
anything wrong with this move at all.} 15. Qd4 Nxd5 16. Qxd5 Qb6 17. O-O-O O-O
18. Qxd6 Qa5 {Black should be more than fine.}) 15. fxg7 Qa5+ 16. Qd2 (16. c3 {
could have been a wiser decision as it makes sense to keep the queen's on the
board.} Rg8 17. Bxe5 dxe5 18. Bc4 O-O-O 19. Qg4+ e6 20. Bxd5 Rxd5 21. O-O $11)
16... Qxd2+ 17. Kxd2 Rg8 {Black doesn't have any problems in this endgame.} 18.
Re1 O-O-O 19. Bxe5 dxe5 20. Rxe5 {A brave decision. There are no good
discovered attacks with the knight.} f6 21. Re1 Rxg7 22. c3 (22. c4 Nf4+ (22...
Nb4+ 23. Kc3 $14) 23. Kc3 e5 $36) 22... e5 23. Kc2 Rgd7 24. Bc4 b5 25. Bxd5
Rxd5 {The endgame is slightly more dangerous for White but I guess it should
not be a problem to defend it.} 26. Rd1 e4 (26... Rxd1 27. Rxd1 Rxd1 28. Kxd1
Kd7 29. Ke2 Ke6 30. Kd3 Kd5 $11) 27. Rxd5 Rxd5 28. Re1 (28. Rd1 {This exchange
and entering the endgame is not advisable for White has black's kingside
majority is more potent than the White queenside majority.} Rxd1 29. Kxd1 f5
30. Kd2 f4 31. c4 $1 b4 (31... bxc4 32. Kc3 e3 33. fxe3 fxe3 34. Kc2 Kc7 35.
Kd1 Kd6 36. Ke2 Ke5 37. Kxe3 $11) 32. Kc2 Kd7 33. Kb3 a5 34. Kc2 Kd6 35. b3 Kc5
36. Kd2 h5 37. Ke2 Kd4 38. Kd2 h4 39. Ke2 a4 40. Ke1 (40. Kd2 axb3 41. axb3 g4
42. hxg4 f3 $19) 40... f3 41. Kf1 a3 42. Kg1 Ke5 43. Kf1 Kf4 44. Kg1 Kf5 45.
Kf1 Ke5 46. Kg1 $11 {the position looks drawn but I maybe missing something
here as my gut feeling says that Black should win it.}) 28... f5 29. a4 bxa4
30. Ra1 g4 31. hxg4 (31. Rxa4 gxh3 32. gxh3 {would have given White better
drawing chances.}) 31... fxg4 32. Re1 Rf5 $1 33. Re2 h5 34. c4 (34. g3) 34...
h4 35. Kc3 Rf4 36. Kd4 h3 37. gxh3 gxh3 38. Ke3 Rf3+ 39. Kxe4 h2 40. Kxf3 (40.
Re1 Rxf2 $19) 40... h1=Q+ 41. Ke3 Qc1+ 42. Kd3 a3 0-1

[Event "77th Tata Steel GpB"]
[Site "Wijk aan Zee NED"]
[Date "2015.01.11"]
[Round "2.6"]
[White "Wei Yi"]
[Black "Potkin, Vladimir"]
[Result "1-0"]
[WhiteElo "2675"]
[BlackElo "2608"]
[Annotator "Sagar Shah"]
[PlyCount "71"]
[EventDate "2015.01.10"]

1. e4 e6 2. d4 d5 3. Nc3 Nf6 4. e5 Nfd7 5. f4 c5 6. Nf3 Nc6 7. Be3 a6 8. Qd2 b5
9. Bd3 (9. dxc5 {is by far the main move in the position.}) 9... b4 10. Na4 c4
11. Be2 c3 12. Qd1 (12. bxc3 Qa5 $1 $17) 12... cxb2 13. Nxb2 Be7 14. O-O O-O {
The players are following the game Motylev-Wang Hao of 2010
andSvetushkin-Arizm endi of 2014.} 15. Bd3 f5 16. g4 $5 {A bold attacking move
by the Chinese player.} a5 (16... fxg4 17. Ng5 Bxg5 18. fxg5 Rxf1+ 19. Kxf1
Nxd4 $5 20. Bxd4 Qxg5 $44) 17. gxf5 exf5 18. Qe2 Nb6 19. Kh1 a4 20. Rg1 a3 21.
Nd1 Na4 22. Rg3 Rf7 (22... Be6 {was better.}) 23. Qg2 Nc3 $2 {The knight on d1
is not such a great piece. It makes no sense to go out of the way and exchange
it. But it is not so easy to suggest an improvement for Black. White has a
simple plan of Nf2 followed by Rag1, Nh3 and putting a knight on g5.} (23...
Be6 24. Nf2 Nc3 (24... Qd7 25. Rg1 Bd8 26. Bb5 Ra7 27. Bxa4 Rxa4 28. Nd3 $36)
25. Rg1 Qf8 26. Nh3 $1 Ne4 27. Bxe4 fxe4 28. Nfg5 Bxh3 29. Qxh3 $18) (23... Qd7
24. Nf2 Nd8 25. Rg1 $40) 24. Nxc3 bxc3 25. Bb5 (25. Rg1 Qf8 26. Bb5 Nd8 (26...
Bd7 27. Bxc6 Bxc6 28. e6 $18) 27. Be8 $1 {A very nice deflecting move.} Ne6 (
27... Qxe8 28. Rxg7+ Kh8 29. Rg8+ Qxg8 30. Qxg8#) 28. Bxf7+ Qxf7 29. Ng5 Nxg5
30. fxg5 g6 (30... f4 31. g6 hxg6 32. Rxg6 $18) 31. Rb1 $16) 25... Qb6 (25...
Nb4 26. Rg1 Bf8 27. Ng5 Rb7 28. Rh3 $18) 26. Rg1 Bf8 27. Rh3 $1 (27. Ng5 {was
also strong.} Qxb5 (27... Rd7 28. e6) 28. Nxf7 Kxf7 29. Rxg7+ Bxg7 30. Qxg7+
Ke8 31. Bf2 $1 $18 Qe2 32. Qg8+ Kd7 33. Rg7+ Ne7 34. Qxd5+ $18) 27... g6 28.
Ng5 Qxb5 29. Nxf7 Ne7 30. Nh6+ Bxh6 31. Rxh6 Ra7 32. Qh3 Qe2 (32... Nc6 33.
Rgxg6+ hxg6 34. Rh8+ Kf7 35. Qh7+ Ke6 36. Qxg6+ Kd7 37. Qd6#) 33. Rxh7 Qxc2 34.
Rh8+ Kf7 35. Qh7+ Ke6 36. Rxg6+ {A beautiful attacking game by Wei Yi.} 1-0

[Event "77th Tata Steel GpB"]
[Site "Wijk aan Zee NED"]
[Date "2015.01.11"]
[Round "2.7"]
[White "Shankland, Samuel L"]
[Black "Dale, Ari"]
[Result "1/2-1/2"]
[WhiteElo "2652"]
[BlackElo "2291"]
[Annotator "Sagar Shah"]
[PlyCount "93"]
[EventDate "2015.01.10"]

1. e4 c6 2. d4 d5 3. e5 Bf5 4. Be3 e6 5. Nd2 Nd7 6. Ngf3 Ne7 7. Be2 Bg6 8. Nh4
Nf5 9. Nxf5 Bxf5 10. O-O Be7 11. g4 Bg6 12. f4 f5 13. c4 O-O 14. g5 Bf7 15. Qb3
Qb6 16. c5 Qxb3 17. Nxb3 {White has more space and should have a pleasant
position. It is surprising how Shankland who is rated nearly 350 points above
his opponent starts to go wrong in such a position.} a5 18. Rfc1 Rfb8 19. Rc2
a4 20. Nd2 b6 21. cxb6 Rxb6 22. Rac1 Rab8 23. Rxc6 $2 {A horrible move by
Shankland.} (23. b3 axb3 24. Nxb3 Ba3 25. Rb1 $14 {White has a small edge.})
23... Rxc6 24. Rxc6 Rxb2 {Suddenly out of nowhere it is Black who has a nearly
decisive advantage.The a2 pawn is hanging and there are threats like Bb4.} 25.
Rc7 (25. Kf2 Rxa2 $19) 25... Be8 {Was this the move missed by Samuel?} 26. Bd3
Rxa2 (26... a3) 27. Bb5 Bb4 $1 {Excellent play by Dale.} 28. Nf3 (28. Bxd7 Bxd7
(28... Bxd2 29. Bxe6+) 29. Rxd7 Bxd2 30. Bxd2 Rxd2 31. Ra7 Rxd4 $19) 28... a3
$1 29. Bxd7 Bxd7 30. Rxd7 {Black is a piece down but his a-pawn is extremely
powerful.} Re2 31. Bd2 (31. g6 hxg6 32. Ng5 a2 33. Rd8+ Bf8 34. Ra8 Re1+ $19)
31... Rxd2 $2 {Ari goes wrong just when he is close to victory.} (31... Bxd2 $1
32. Ra7 (32. g6 $5 hxg6 33. Ng5 Kf8 34. Nxe6+ Ke8 35. Ra7 a2 $19) (32. Nxd2
Rxd2 33. Ra7 a2 $19) 32... Be3+ 33. Kh1 a2 $19) 32. Nxd2 Bxd2 {Now the
position is almost drawn and if Black goes wrong it will be white who will
have good pressing chances.} 33. Kf2 $6 (33. Ra7 Bxf4 (33... Bb4 34. Kf2 $18)
34. Rxa3 Bxg5 35. Kf2 Kf7 36. Ra7+ Be7 37. Ke3 g5 38. Rb7 Ke8 39. Kf3 Kf7 $11 {
This should most probably end in a draw.}) 33... Bc3 (33... Bxf4 $11) 34. Rd8+
Kf7 35. Ra8 Bxd4+ 36. Ke2 Bb2 37. Kd2 Kg6 38. Kc2 Kh5 39. h3 Kh4 40. Rh8 Kxh3
41. g6 h6 (41... h5 42. Rxh5+ Kg4 43. Rh7 Kxf4 44. Rxg7 Kg5 45. Re7 Kxg6 46.
Rxe6+ Kg5 47. Re8 f4 48. e6 Kf6 49. Rf8+ Kxe6 50. Rxf4 $11) 42. Rxh6+ (42. Rg8
Kg4 43. Rxg7 Kxf4 44. Ra7 (44. Re7 Bxe5 45. g7 a2 46. g8=Q a1=Q $19) 44... Bxe5
45. g7 Bxg7 46. Rxg7 {Five pawns for a rook should be an interesting ending
but it should end in a draw with accurate play.}) 42... Kg4 43. Rh7 Kxf4 44.
Rxg7 Bxe5 45. Ra7 a2 46. Rxa2 Kg5 47. Ra6 {An interesting battle. Samuel would
be upset that he messed up from a promising opening position and Ari Dale
would be sad that he missed a chance to win the game.} 1/2-1/2

[Event "77th Tata Steel GpB"]
[Site "Wijk aan Zee NED"]
[Date "2015.01.12"]
[Round "3.1"]
[White "Michiels, Bart"]
[Black "Klein, David"]
[Result "0-1"]
[WhiteElo "2563"]
[BlackElo "2517"]
[Annotator "Sagar Shah"]
[PlyCount "102"]
[EventDate "2015.01.10"]

1. d4 Nf6 2. c4 e6 3. Nc3 Bb4 4. Qc2 b6 5. e4 $5 {is a fighting move.} (5. a3
Bxc3+ 6. Qxc3 Bb7 {leads to normal lines.}) 5... c5 6. d5 (6. e5 cxd4 7. a3
Bxc3+ 8. bxc3 Ng8 9. cxd4 $14) 6... Qe7 7. Bd2 $6 (7. Be2 {looks the most
logical to meet exd5 with exd5.}) 7... exd5 $1 8. Nxd5 (8. cxd5 $6 Bxc3 9. Bxc3
Nxd5 10. Bxg7 Nb4 11. Qb1 Rg8 12. Bc3 Bb7 $17) 8... Nxd5 9. cxd5 Bxd2+ {
Something has gone horribly wrong with White. He is forced to recapture with
the king now.} 10. Kxd2 O-O $15 {Black has a clear advantage. In the game
ahead there were many ups and downs but Bart did not play well at all and that
gave David his first of the tournament. It must be mentioned that Michael
played the opening in an atrocius manner.} 11. Nf3 d6 12. Re1 Bg4 13. Qc3 Nd7
14. Bb5 a6 15. Bxd7 Qxd7 16. Nh4 Qa4 17. f3 Bd7 18. g4 b5 19. Nf5 Bxf5 20. gxf5
f6 21. Rhg1 Ra7 22. Ra1 b4 23. Qc4 Qe8 24. Rg3 Qe5 25. Kc2 a5 26. Rag1 a4 27.
R3g2 Rb8 28. Kd3 Qf4 29. Ke2 Re8 30. Qb5 Qe5 31. Ke3 Rae7 32. Kf2 Qxb2+ 33. Kg3
Qe5+ 34. Kh3 Kf8 35. Qxa4 g5 36. Qc2 Ra8 37. Qb2 Ra3 38. Qxe5 Rxe5 39. Kg4 Re7
40. h4 Rg7 41. Kh5 h6 42. Rf2 Kf7 43. e5 fxe5 44. hxg5 hxg5 45. Rxg5 Rxg5+ 46.
Kxg5 Ra8 47. f4 Rg8+ 48. Kh6 e4 49. Kh7 Rg3 50. Rh2 e3 51. f6 e2 0-1

[Event "77th Tata Steel GpB"]
[Site "Wijk aan Zee NED"]
[Date "2015.01.12"]
[Round "3.3"]
[White "Dale, Ari"]
[Black "Wei Yi"]
[Result "1/2-1/2"]
[WhiteElo "2291"]
[BlackElo "2675"]
[Annotator "Sagar Shah"]
[PlyCount "60"]
[EventDate "2015.01.10"]

{Wei Yi is known for scoring wins against lower rated players. With a rating
of 2675, he has been able to consistently get better of 2550-2600 opponents.
Today he faced Ari Dale who is rated just 2291. It would be safe to assume
that the Chinese player who was nearly 400 points above his opponent would
have an easy day but it was not to be. Ari Dale played a fantastic game filled
with aggression and resourcefulness.} 1. d4 Nf6 2. c4 e6 3. Nc3 Bb4 4. e3 O-O
5. Bd3 d5 6. Nf3 b6 (6... c5 {is the main line but the move b6 leads to less
direct and much more complicated play.}) 7. O-O Bb7 8. cxd5 exd5 9. Ne5 Bd6 10.
Nb5 (10. f4 c5 11. Qf3 Nc6 12. Qh3 g6 13. Kh1 {is one of the main lines.})
10... Be7 11. f4 c5 12. Nc3 Nc6 13. Qf3 Re8 $146 (13... cxd4 14. Nxc6 Bxc6 15.
exd4 Qd7 {looks very logical. White has no traces of an attack and Black
should be more than ok.}) 14. g4 {This is too ambitious but Black has to be
accurate in order to keep the advantage.} cxd4 15. g5 $5 dxc3 (15... Ne4 16.
Nxe4 dxe4 17. Qxe4 $16) (15... Nd7 $2 16. Bxh7+ $1 Kxh7 17. Qh5+ $18) 16. gxf6
Bxf6 17. Bxh7+ $1 {When you say A you have to say B.} Kf8 (17... Kxh7 18. Qh5+
Kg8 19. Qxf7+ Kh7 20. Qh5+ $11 {is an instant draw.} (20. Rf3 Nxe5 $19)) 18.
bxc3 {Ba3 is the threat now. Black has a few good ways to meet it.} g6 $5 {the
most logical move making a luft for the king on g7.} (18... Qd6 19. a4 Nxe5 20.
fxe5 Qxe5 21. Ba3+ Re7 $15) 19. Ba3+ Kg7 20. Nxf7 $1 {Ari Dale knows that the
only way to keep the fire going is to throw more wood into it. Will he run out
of wood or will his opponent get burnt?} Kxf7 21. Qg4 Ne7 {The only way to
defend g6.} (21... Kg7 22. Qxg6+ Kh8 23. Qh6 Bg7 24. Qh5 $18) 22. f5 $1 g5 (
22... Kg7 23. Bxg6 Rh8 $1 {An extremely difficult move to make.} 24. Bh7+ Kf8
25. Qg6 Rxh7 26. Qxh7 Qc7 $15) 23. Qh5+ Kg7 24. Rf3 $1 {Once again the only
move. White needs to defend his bishop against Rh8.} Rh8 25. Rh3 {now there is
no way to prevent the draw with Qh6+} Rc8 26. Qh6+ Kf7 27. Bg6+ Kg8 28. Bh7+
Kf7 29. Bg6+ Kg8 30. Bh7+ Kf7 {Not the best opening play by Ari but his
middlegame play was imaginative and fearless.} 1/2-1/2

[Event "77th Tata Steel GpB"]
[Site "Wijk aan Zee NED"]
[Date "2015.01.13"]
[Round "4.3"]
[White "Shankland, Samuel L"]
[Black "Timman, Jan"]
[Result "1/2-1/2"]
[WhiteElo "2652"]
[BlackElo "2593"]
[Annotator "Sagar Shah"]
[PlyCount "110"]
[EventDate "2015.01.10"]

1. e4 e6 2. d4 d5 3. Nc3 Bb4 4. e5 c5 5. a3 Bxc3+ 6. bxc3 Ne7 7. Qg4 O-O (7...
Qc7 {is the other main line.}) 8. Bd3 f5 9. exf6 Rxf6 10. Bg5 Rf7 11. Qh5 g6
12. Qd1 Qa5 13. Bd2 {White pieces have retracted but they have created a hook
on g6 which can now be attacked by pushing the h pawn forward!} Nd7 14. Nf3 c4
15. Be2 Nc6 16. h4 (16. Ng5 {was played by Karjakin against Carlsen in Bilbao
Grand Slam 2012.}) 16... Nf6 17. h5 Ne4 18. hxg6 hxg6 19. Rh4 Rh7 20. Rxh7 Kxh7
21. Kf1 Bd7 {Black looks pretty comfortably placed in this position.} 22. Qe1
Kg7 23. Ng5 Rh8 (23... Nxd4 24. Nxe4 Nxc2 25. Qc1 Rh8 $1 26. Ng3 Nxa1 $15) 24.
Kg1 Qc7 25. g3 Nxg5 26. Bxg5 e5 27. Qd2 Bf5 28. g4 Be4 29. f3 exd4 30. Bf4 (30.
fxe4 Qg3+ $19) 30... Qe7 31. cxd4 (31. fxe4 Qxe4 32. Bh2 Rh3 $44) 31... Bxc2 $6
(31... Qh4 {was a better option.}) 32. Qxc2 g5 33. Bg3 {White is clearly
better here. He just needs to consolidate his extra piece now.} Qe3+ 34. Bf2
Qf4 35. Qf5 $5 (35. Qc1 $1 Qh2+ 36. Kf1 $16) 35... Nxd4 36. Qd7+ $2 {Shankland
would have won had he found the beautiful combination.} (36. Qxd5 $1 Nxe2+ 37.
Kf1 Ng3+ (37... Qf6 38. Rd1 Nf4 39. Qxb7+ Kg8 40. Bd4 Rh1+ 41. Kf2 Rh2+ 42. Kg1
Rg2+ 43. Kf1 Qh6 44. Qc8+ Qf8 45. Qxc4+ $18) 38. Kg2 Ne2 39. Re1 Qh2+ (39...
Rh2+ 40. Kf1 $18) 40. Kf1 $18 {unbelievably White is not just surviving but
also winning!}) 36... Kg6 {Now it's just a draw.} 37. Bd1 (37. Qxd5 Nxe2+ 38.
Kf1 Nc3 $11) 37... Qh2+ 38. Kf1 Qh3+ 39. Ke1 Qh1+ 40. Kd2 Qh2 41. Bc2+ Kf6 42.
Rf1 Qe5 43. Bd1 Rh2 {It's a narrow path between draw and defeat but both the
players are walking on the drawn path carefully.} 44. Qd8+ Kf7 45. Qd7+ Kf6 46.
Qd8+ Kg7 47. Qa5 Qf4+ 48. Ke1 Qe5+ 49. Kd2 Qg3 50. Kc3 Rxf2 51. Rxf2 Qxf2 52.
Qxd5 Qe3+ 53. Kxc4 Nc6 54. Qd7+ Kf6 55. Qd6+ Kg7 1/2-1/2

[Event "77th Tata Steel GpB"]
[Site "Wijk aan Zee NED"]
[Date "2015.01.13"]
[Round "4.4"]
[White "Dale, Ari"]
[Black "Navara, David"]
[Result "0-1"]
[WhiteElo "2291"]
[BlackElo "2729"]
[Annotator "Sagar Shah"]
[PlyCount "74"]
[EventDate "2015.01.10"]

{Ari Dale yesterday drew against Wei Yi with the White pieces and today again
has the same colour.} 1. d4 Nf6 2. c4 e6 3. Nc3 Bb4 4. e3 O-O 5. Bd3 d5 6. Nf3
b6 {Navara plays the same opening tried by Wei Yi. As was shown in the
analysis yesterday Black had the possibility to come out of the opening with
an advantage. This is a good strategy by Navara. It isn't easy to fully
correct one's preparation in just one day.} 7. O-O Bb7 8. a3 {Ari is the first
one to deviate and wisely so.} (8. cxd5 exd5 9. Ne5 {was played yesterday.})
8... Bd6 9. cxd5 exd5 10. b4 {Unlike yesterday, today Ari chooses a safe
positional line.} a6 $5 11. Ne5 $5 {The engines favour this move but it hasn't
been played much.} (11. Qb3 {is the main line.}) 11... Nbd7 12. f4 c5 {This is
the right way to play. Black is fully developed and now has to strike in the
center.} 13. bxc5 bxc5 14. Rb1 Rb8 15. Bd2 Re8 16. Rf3 {Too ambitious.} Nf8 17.
Rg3 Ne6 {Navara has made a a very successful knight journey from d7 to e6 in
order to put pressure on the d4 pawn.} 18. Ng4 cxd4 19. Rxb7 {One has to
praise the tactical acumen of the young Ari Dale. He takes his chance in the
inferior position but the resulting complications end in black's favour.} Rxb7
20. Nxf6+ Qxf6 21. Nxd5 Qd8 22. e4 Nc5 $1 {Navara has it all covered.} 23. Qc2
Nxd3 24. Qxd3 Bb8 25. Bb4 Re6 (25... f5 $1 {was very strong.} 26. Qc4 Kh8 27.
exf5 Rd7 $19) 26. Kf1 Ba7 27. f5 Rc6 28. Rg4 (28. f6 $5 Rxf6+ (28... g6 $5 29.
Ne7+ Kh8 30. Nxc6 Qxf6+ 31. Rf3 Qxc6 $17) 29. Nxf6+ Qxf6+ $17) 28... Qc8 29.
Bd2 Rc2 30. Ke2 Kh8 31. Nb4 Rb2 32. Qxa6 Qc1 $1 33. Qd3 Rc7 34. e5 Rc3 35. Rxd4
Rxd3 36. Rxd3 Qc4 37. Kf3 h5 {A nicely played game by David Navara who was not
intimidated by the sacrifices made by his opponent.} 0-1